Normal view
MARC view
Entry Personal Name
001 - CONTROL NUMBER
- control field: 27016
003 - CONTROL NUMBER IDENTIFIER
- control field: ARRUPE
005 - DATE AND TIME OF LATEST TRANSACTION
- control field: 20161026120839.0
008 - FIXED-LENGTH DATA ELEMENTS
- fixed length control field: 161026|| aca||aabn | a|a d
040 ## - CATALOGING SOURCE
- Original cataloging agency: ARRUPE
- Transcribing agency: ARRUPE
100 ## - HEADING--PERSONAL NAME
- Personal name: Ghose, Girish C.
- Title of a work: Chintamini.
670 ## - SOURCE DATA FOUND
- Source citation: Work cat.: (ARRUPE)0: Hebbel, Friedrich, 1813-1863. 27014, Maria Magdalena. Agnes Bernauer